00372nam a2200157Ia 45000010006000000050017000060080041000230410008000640820016000721000033000882450040001212600009001613000028001706500008001986540008002061867820260306171648.0260306s9999||||xx |||||||||||||| ||und|| aESP a658.45bR75 aRodríguez M., DaríoeAUT 0aComunicaciones de la organización c2009 a664 páginas :c23 cm. aGEN aCAN